Παραοικονομία

Αποθηκεύτηκε σε:
Λεπτομέρειες βιβλιογραφικής εγγραφής
Άλλοι συγγραφείς: Βαβούρας, Ιωάννης Σ., 1950- (Επιμελητής έκδοσης)
Μορφή: Βιβλίο
Γλώσσα:Greek
Δημοσίευση: Αθήνα : Κριτική, 1990
Θέματα:
Ετικέτες: Προσθήκη ετικέτας
Δεν υπάρχουν, Καταχωρήστε ετικέτα πρώτοι!

MARC

LEADER 00000cam a2200000 i 4500
001 1/12901
008 960219s1990 gre d
020 |a 960-218-036-6 
035 |l 10064396 
040 |a GR-MY-UA  |b gre  |e aacr 
041 0 |a gre 
082 0 |a 339.4109495 
245 0 0 |a Παραοικονομία /  |c επιμέλεια: Γ.Βαβούρας 
260 |a Αθήνα :   |b Κριτική,   |c 1990 
300 |a 380 σ. 
500 |a Άρθρα των Γ. Βαβούρα ...[κ. α.] 
500 |a Τεύχη πολιτικής οικονομίας, ειδική έκδοση 1 
650 0 0 |a Labor economics. 
650 0 0 |a Informal sector (Economics) 
700 1 |a Βαβούρας, Ιωάννης Σ.,   |d 1950-  |4 edt 
852 |a INST  |b CHIOS  |e 19960219  |h 339.4109495 ΠΑΡ  |p 005200000951  |q 005200000951  |t BK  |y 0 
852 |a INST  |b CHIOS  |e 19960610  |h 339.4109495 ΠΑΡ  |p 005200002174  |q 005200002174  |t BK  |y 0 
852 |a INST  |b CHIOS  |e 19960610  |h 339.4109495 ΠΑΡ  |p 005200002175  |q 005200002175  |t BK  |y 0 
852 |a INST  |b CHIOS  |c TSAMOYRGELIS  |e 20190712  |h 339.4109495 ΠΑΡ  |p 005200038831  |q 005200038831  |t BK  |y 0 
852 |a INST  |b LESVOS  |e 20001101  |h 339.41 ΠΑΡ  |p 005100029038  |q 005100029038  |t BK  |y 0 
909 |a Χ  |b 020966 
909 |a Χ  |b 019876 
909 |a Χ  |b 019877 
909 |a Λ  |b 081022 
922 |a 1ΕΛΗ  |b 200009  |c ΤΑΚ/ΤΓ  |d ΠΑΠΑΣΩΤΗΡΙΟΥ 
950 |a 118-2000-07-09